English sentence structure /

Bibliographic Details
Main Author: Krohn, Robert
Corporate Author: University of Michigan. English Language Institute
Format: Book
Language:English
Published: Ann Arbor : University of Michigan Press, [1971]
Subjects:

MARC

Tag First Indicator Second Indicator Subfields
LEADER 00000cam a2200000 4500
001 in00000057703
005 20151008050421.0
008 721116s1971 miua 00010 eng d
020 |a 0472083074 
035 |a (OCoLC)00497336 
035 |9 AAG0920AM 
040 |c OTC  |d OCL  |d TXA  |d UtOrBLW 
049 |a TXAM  |c [1558320] 
090 |a PE1375  |b .K7 1971 
100 1 |a Krohn, Robert. 
245 1 0 |a English sentence structure /  |c [by] Robert Krohn and the staff of the English Language Institute. 
264 1 |a Ann Arbor :  |b University of Michigan Press,  |c [1971] 
264 4 |c [©1971] 
300 |a xiii, 305 pages :  |b illustrations ;  |c 24 cm. 
336 |a text  |b txt  |2 rdacontent 
337 |a unmediated  |b n  |2 rdamedia 
338 |a volume  |b nc  |2 rdacarrier 
500 |a At head of title: An intensive course in English--English Language Institute. 
500 |a "A successor to English sentence patterns." 
650 0 |a English language  |x Sentences. 
650 0 |a English language  |x Grammar. 
650 0 |a English language  |v Textbooks for foreign speakers. 
710 2 |a University of Michigan.  |b English Language Institute. 
740 3 |a An intensive course in English. 
999 |a MARS 
999 f f |s 36560d0e-cdd7-383d-880c-3782fbae7b8a  |i a499559f-c547-3895-9236-078ecc3b8020  |t 0 
952 f f |p normal  |a Texas A&M University  |b College Station  |c Sterling C. Evans Library  |d Evans: Library Stacks  |t 0  |e PE1375 .K7 1971  |h Library of Congress classification  |i unmediated -- volume  |m A14803591900 
998 f f |a PE1375 .K7 1971  |t 0  |l Evans: Library Stacks